000 00524nam a2200169Ia 4500
003 GCL
008 140319s9999 xx 000 0 ara d
040 _aGCL /
_cGCL
082 0 4 _a026.21
_bم م
100 1 _aمحمد ماهر حمادة
245 1 0 _aالمكتبات فى الاسلام : نشأتها وتطورها ومصائرها /
_cمحمد ماهر حمادة
300 _a232 ص
490 _a
650 0 4 _aالتاريخ الاسلامى
650 0 4 _aالمكتبات الاسلامية
942 _2ddc
_cBK
999 _c40302
_d40302